Birds of Slovakia - Statistics

General Stats
  • This quiz has been taken 13 times
  • The average score is 9 of 16
Answer Stats
Picture Answer % Correct
Raven
90%
Peregrine
80%
Blackcap
70%
Chaffinch
60%
Cuckoo
60%
Nuthatch
60%
Quail
60%
Crane
50%
Hooded Crow
50%
Merlin
50%
White-Tailed Eagle
50%
Little Owl
40%
Nightingale
40%
Nutcracker
40%
Great White Egret
30%
Red-Crested Pochard
30%
No matching quizzes found
Score Distribution
Percent of People with Each Score
Percentile by Number Answered
Your Score History
You have not taken this quiz